1608 1638 1185 1429 1522 1735 1674 1920 1724 1975 1547 1961 1697 1967 1777 1010 1061 1491 1090 1736 1679 1875 1695 1026 1677 1258 1927 1893 1446 1883 1430 1609 1541 1737 1019 1244 1943 1052 1914 1056 1080 1814 1533 1631 1565 1203 1406 1485 1912 1580 1695 1630 1943 1275 1761 1446 1646 1849 1966 1158 1993 1525 1173 1346 1233 1016 1750 1566 1329 1549 1173 1932 1254 1999 1258 1751 1519 1650 1287 1779 1922 1449 1442 1364 1856 1861 1908 1849 1571 1382 1004 1080 1410 1217 1726 1218 1791 1319 1681 BCNSPRNW ULIB Ver.6.0+V

เปลี่ยนเป็นภาษาไทย

Change to English
 แสดงรายละเอียดบรรณานุกรม
  กลับหน้าหลัก

Brief Record : Get Marc (ISO 2709) : E-mail record : QR code < ปิดหน้าต่าง
LEADER : 00000nam 2200000uu 4500
001    13399111913
003     ULIB
008    110627s2556||||th 000 0 tha d
020    9786160610655
090    นว.^bป524ร
100 0  ปัญญ์ปรียา
245 00 รักกำลังดี/^cปัญญ์ปรียา
250    พิมพ์ครั้งที่ 2
260    กรุงเทพฯ :^bแจ่มใส,^c2556
300    240 หน้า
710 1  แจ่มใส
945    ^p249^l0^i021013
995    ทศพร
999 ^a ใช้งานได้ทุกระบบ
รายการนี้ยังไม่มีแท็ก
คุณยังไม่ได้ล็อกอิน คุณสามารถมีกิจกรรมร่วมกับเว็บไซต์ได้ แต่ต้องล็อกอินก่อน ::
  ล็อกอิน

รายการสื่อสารสนเทศ

ลำดับที่ ประเภท เลขเรียก/บาร์โค้ด สถานที่ สถานะ
1. นวนิยาย
นวนิยาย
นว. ป524ร ฉ.1 
  Barcode: 021013
ห้องสมุดวิทยาเขตสวรรค์ประชารักษ์
►นวนิยาย
บนชั้น
  ขอยืม

รายการใกล้เคียง
    ผู้แต่ง [ปัญญ์ปรียา]

BibComment


ยังไม่เคยถูกคอมเมนท์

คอมเมนท์ทรัพยากรรายการนี้
  คอมเมนท์: รักกำลังดี ปัญญ์ป..


 Copyright 2026. Bcnsprnw @Library